| 000 | 01152cab a2200193 4500 | ||
|---|---|---|---|
| 001 | ##L131696 | ||
| 008 | 051130n2005 000 0 eng u | ||
| 035 | _a(Sirsi) u131696 | ||
| 041 | 0 | _aeng | |
| 100 | 1 | _aWood, Janet | |
| 245 | 0 | 0 | _aODPM struggles over buildings directive |
| 260 | 3 | _c2005 | |
| 490 | 0 |
_aENDS Report _v(370) November 2005, 28-31(4) |
|
| 520 | _aReports on the stuttering progress being made towards implementing the EU directive on energy performance in the UK before the January 2006 deadline. The ODPM has still to take decisions on methods to assess energy efficiency, certification requirements and on how to train inspectors. The UK is certain to become in breach of the directive and the full provisions relating to commercial properties may not be in force until 2009. Lists the key points of the directive, tables the unfinalised issues in the domestic and non-domestic sectors, and expected levels of certification. | ||
| 590 | _aIKA061205 | ||
| 650 | 2 | 4 | _aDIRECTIVE 2002/91/EC |
| 690 | _aENVIRONMENTAL AND LAND CONSULTANCY-ENERGY-ENERGY USE-ENERGY USE ASSESSMENT-ENERGY USE AUDITING-ENERGY USE RATING | ||
| 942 | _n0 | ||
| 999 |
_c76249 _d76249 |
||